01695nam a22002537a 450000500170000000800410001702000180005804000070007604100080008308200210009110000220011210000180013424500670015226000450021930000290026436500600029344000210035352009610037465000250133565000280136065000090138870000240139770000200142120230822153718.0230822b ||||| |||| 00| 0 eng d a9789356811966 cAL aeng 223a510.02bCHAG aKuldeep Chaudhary dShashank Goel aGATE: Graduate Aptitude Test in Engineering 2024:bMathematics aHaryanabG K Publications Pvt Litdc2024 axxiv,832p.bPBc27x21cm. 2Mathematicsa3983b660.00c₹d825.00e20%f21-08-2023 aGATE PREP series aGKP’s Prep Series: GATE 2023: Mathematics, prepared by renowned faculty members who are subject matter experts, is your best bet to be GATE READY! The entire book has been revised and updated as per the exam syllabus. It is divided into units, chapters and further segmented into topics. The questions given with the unit have detailed answers, supported by in-depth explanations and diagrams. The book also includes well-explained sections on General Aptitude and Engineering Mathematics other than all the Mathematics. It also includes more than 2500 Objective type questions, the last two years GATE Solved papers of 2021 and 2022. Additionally, students can avail GATE previous year solved papers from 2016-2023 online from GK Publication’s website. Features: Comprehensive theory with concepts. 2500+ MCQs & NTQs Ample questions supplemented with solutions and diagrams. Thoroughly revised and updated as per the new syllabus. 3 full-length mocks. aMathematics Entrance aCompetitive Examination aGate aCHAUDHARY (Kuldeep) aGOEL (Shashank)